[Event "SEMI B015 email"]
[Site "SEMI email"]
[Date "2000.11.01"]
[Round "?"]
[White "Iacuelli, Alessandro"]
[Black "Van Zwol, Randy"]
[Result "1-0"]
[WhiteElo "1887"]
[BlackElo "1000"]
[PlyCount "55"]
[EventDate "2000.11.01"]
[EventType "tourn (corr)"]
[EventRounds "6"]
[EventCountry "ITA"]
[SourceTitle "Corr 2004"]
[Source "ChessBase"]
[SourceDate "2003.04.28"]
[SourceVersion "3"]
[SourceVersionDate "2003.04.28"]
[SourceQuality "1"]

1. d4 d5 2. c4 e6 3. Nc3 Nf6 4. Bg5 Be7 5. e3 0-0 6. Nf3 Nbd7 7. cxd5 exd5 8. Bd3 c6 9. 0-0 Re8 10. Rc1 Ng4 11. Bxe7 Rxe7 12. Bxh7+ Kh8 13. Bd3 Re6 14. Bf5 Rh6 15. Bxg4 Nf6 16. Ne5 Qc7 17. Bxc8 Rxc8 18. Nb5 Qe7 19. Nd6 Rf8 20. Nf5 Qe6 21. Nxh6 gxh6 22. Qa4 Rg8 23. Qxa7 Ng4 24. Rxc6 Qf5 25. Nxg4 Rxg4 26. Rxh6+ Kg7 27. Rh3 Rg6 28. Rg3 1-0

[Event "SEMI B015 email"]
[Site "SEMI email"]
[Date "2000.11.01"]
[Round "?"]
[White "Petrolo, Mauro"]
[Black "Iacuelli, Alessandro"]
[Result "1-0"]
[WhiteElo "1710"]
[BlackElo "1887"]
[PlyCount "109"]
[EventDate "2000.11.01"]
[EventType "tourn (corr)"]
[EventRounds "6"]
[EventCountry "ITA"]
[SourceTitle "Corr 2004"]
[Source "ChessBase"]
[SourceDate "2003.04.28"]
[SourceVersion "3"]
[SourceVersionDate "2003.04.28"]
[SourceQuality "1"]

1. e4 c5 2. Nf3 d6 3. d4 cxd4 4. Nxd4 Nf6 5. Nc3 a6 6. Be2 e5 7. Nb3 Be7 8. 0-0 0-0 9. Kh1 b5 10. a4 b4 11. Nd5 Bb7 12. Nxe7+ Qxe7 13. f3 Rd8 14. Bg5 d5 15. Qe1 dxe4 16. fxe4 Nbd7 17. Bd3 a5 18. Qg3 Kh8 19. Rf5 Re8 20. Nd2 h6 21. Qh4 Qf8 22. Raf1 Re6 23. Bc4 Rd6 24. Bb5 Kg8 25. Bxh6 gxh6 26. Nc4 Bxe4 27. Nxd6 Qxd6 28. Bxd7 Bxf5 29. Bxf5 Kg7 30. Qg3+ Kh8 31. c3 Rg8 32. Qh4 Nd5 33. Rd1 Qf6 34. Qxf6+ Nxf6 35. cxb4 axb4 36. Rd6 Kg7 37. a5 Rb8 38. a6 Rb5 39. Bd3 Ra5 40. h3 e4 41. Bc4 e3 42. Kh2 Ne4 43. Rd7 Nd2 44. Bd3 Nb3 45. Re7 Kf6 46. Rxe3 Nc5 47. Rf3+ Ke5 48. Rf5+ Kd4 49. Be2 Ra4 50. Rf6 Ke3 51. Bb5 Ra5 52. Bf1 Ra1 53. Bc4 Kd4 54. Rf4+ Ne4 55. b3 1-0